Estimation and analysis of insect populations : (Record no. 1700)
[ view plain ]
| 000 -LEADER | |
|---|---|
| fixed length control field | 01310cam a2200337 a 4500 |
| 001 - CONTROL NUMBER | |
| control field | 1517964 |
| 005 - DATE AND TIME OF LATEST TRANSACTION | |
| control field | 20141209102824.0 |
| 006 - FIXED-LENGTH DATA ELEMENTS--ADDITIONAL MATERIAL CHARACTERISTICS--GENERAL INFORMATION | |
| fixed length control field | 000 |
| 007 - PHYSICAL DESCRIPTION FIXED FIELD--GENERAL INFORMATION | |
| fixed length control field | 000 |
| 008 - FIXED-LENGTH DATA ELEMENTS--GENERAL INFORMATION | |
| fixed length control field | 000 |
| 010 ## - LIBRARY OF CONGRESS CONTROL NUMBER | |
| LC control number | 89192804 |
| 020 ## - INTERNATIONAL STANDARD BOOK NUMBER | |
| International Standard Book Number | 0387969985 |
| International Standard Book Number | 3540969985 (Berlin) |
| 035 ## - SYSTEM CONTROL NUMBER | |
| System control number | (OCoLC)20240777 |
| 040 ## - CATALOGING SOURCE | |
| Original cataloging agency | UOEL |
| Transcribing agency | ViBlbV |
| Modifying agency | DLC |
| 050 04 - LIBRARY OF CONGRESS CALL NUMBER | |
| Classification number | QL496.15 |
| Item number | .E86 1989 |
| 245 00 - TITLE STATEMENT | |
| Title | Estimation and analysis of insect populations : |
| Remainder of title | proceedings of a conference held in Laramie, Wyoming, January 25-29, 1988 / |
| Statement of responsibility, etc | L. McDonald ... [et al.], eds. |
| 260 ## - PUBLICATION, DISTRIBUTION, ETC. (IMPRINT) | |
| Place of publication, distribution, etc | Berlin ; |
| -- | New York : |
| Name of publisher, distributor, etc | Springer-Verlag, |
| Date of publication, distribution, etc | c1989. |
| 300 ## - PHYSICAL DESCRIPTION | |
| Extent | xiv, 492 p. : |
| Other physical details | ill. ; |
| Dimensions | 25 cm. |
| 490 1# - SERIES STATEMENT | |
| Series statement | Lecture notes in statistics ; |
| Volume number/sequential designation | 55 |
| 504 ## - BIBLIOGRAPHY, ETC. NOTE | |
| Bibliography, etc | Includes bibliographical references. |
| 650 #0 - SUBJECT ADDED ENTRY--TOPICAL TERM | |
| Topical term or geographic name as entry element | Insect populations |
| General subdivision | Estimates |
| Form subdivision | Congresses. |
| Topical term or geographic name as entry element | Parameter estimation |
| Form subdivision | Congresses. |
| 700 1# - ADDED ENTRY--PERSONAL NAME | |
| Personal name | McDonald, Lyman L. |
| 830 #0 - SERIES ADDED ENTRY--UNIFORM TITLE | |
| Uniform title | Lecture notes in statistics (Springer-Verlag) ; |
| Volume number/sequential designation | v. 55. |
| 856 42 - ELECTRONIC LOCATION AND ACCESS | |
| Materials specified | Publisher description |
| Uniform Resource Identifier | <a href="http://www.loc.gov/catdir/enhancements/fy1005/89192804-d.html">http://www.loc.gov/catdir/enhancements/fy1005/89192804-d.html</a> |
| Materials specified | Table of contents only |
| Uniform Resource Identifier | <a href="http://www.loc.gov/catdir/enhancements/fy1005/89192804-t.html">http://www.loc.gov/catdir/enhancements/fy1005/89192804-t.html</a> |
| 906 ## - LOCAL DATA ELEMENT F, LDF (RLIN) | |
| a | 7 |
| b | cbc |
| c | copycat |
| d | 4 |
| e | ncip |
| f | 19 |
| g | y-gencatlg |
| 942 ## - ADDED ENTRY ELEMENTS (KOHA) | |
| Source of classification or shelving scheme | Library of Congress Classification |
| Item type | Loan - Normal on open shelf |
| Withdrawn status | Lost status | Source of classification or shelving scheme | Damaged status | Not for loan | Home library | Current library | Shelving location | Date acquired | Total Checkouts | Full call number | Barcode | Date last seen | Copy number | Price effective from | Koha item type |
|---|---|---|---|---|---|---|---|---|---|---|---|---|---|---|---|
| Library of Congress Classification | UOE Main Library | UOE Main Library | Open shelf | 09/12/2014 | QL496.15 .E86 1989 | 10057041 | 27/04/2026 | 10057041 | 09/12/2014 | Loan - Normal on open shelf | |||||
| Library of Congress Classification | UOE Main Library | UOE Main Library | Open shelf | 09/12/2014 | QL496.15 .E86 1989 | 10057042 | 27/04/2026 | 10057042 | 09/12/2014 | Loan - Normal on open shelf |
